| 000 | 01233nam0a2200265 4500 | ||
|---|---|---|---|
| 001 | RU\NLR\BIBL_A\010478332 | ||
| 005 | 20260406104805.0 | ||
| 035 | _a(NLR Aleph) 010478332 | ||
| 090 |
_a10055156 _c10055156 |
||
| 100 | _a20141017d1932 |||y0rusy50 ca | ||
| 101 | 0 | _asah | |
| 102 | _aRU | ||
| 105 | _aa|||z|||000yy | ||
| 200 | 1 |
_aБассабыыкка ѳйдѳбүл _eбаартыйаҕа саҥа киирбит силиэннэргэ уонна бэйэни үѳрэтиигэ кѳмѳ _fБ. Киэрсэнсэп _gБоруооарап Дь. С. тылб. |
|
| 210 |
_aДьокуускай _cСудаарыстыба Саха сиринээҕи бэчээттир суута _d1932 |
||
| 215 |
_a260, [4] c. _cпортр., ил. _d21 |
||
| 300 | _aЛатин. графика | ||
| 541 | 1 |
_aПамятка большевика _eпособие для новых членов партии и для самообразования _zrus |
|
| 686 | 1 | _aФ61(2)51 | |
| 700 | 1 |
_4070 _8rus _7ca _aКерженцев _bП. М. _f1881-1940 _gПлатон Михайлович _3RU\NLR\AUTH\7797591 _980517 |
|
| 852 |
_aNLR _bОНЛ _jЯкут./3-406 |
||
| 942 | _cBOOK | ||
| 980 | _aNB | ||